Звичайний вигляд
Перегляд у МАРК
Входження „Meeting Name“
Кількість записів, які використовуються: 1
001 - CONTROL NUMBER
- control field: 2880
003 - CONTROL NUMBER IDENTIFIER
- control field: UA-OsUOA
005 - DATE AND TIME OF LATEST TRANSACTION
- control field: 20240523164325.0
008 - FIXED-LENGTH DATA ELEMENTS
- fixed length control field: 240523|| aca||aabn | a|a d
040 ## - CATALOGING SOURCE
- Original cataloging agency: UA-OsUOA
- Transcribing agency: UA-OsUOA
111 ## - HEADING--MEETING NAME
- Meeting name or jurisdiction name as entry element: круглий стіл
- Location of meeting: м. Київ
- Date of meeting: 17 листопада 2006 року
670 ## - SOURCE DATA FOUND
- Source citation: Work cat.: (UA-OsUOA)336402: круглий стіл м. Київ 17 листопада 2006 року, Феномен Івана Дзюби, 2007